Le Danemark pour les touristes... - Facile - Statistiques

Statistiques générales
  • Ce quiz a été pris 35 fois
  • Le résultat moyen est 11 sur 20
Statistiques - réponses
Question Indice Réponses Indice facile % Correct
Quelles sont les principales villes touristiques ? C Copenhague
100%
Quelle est la langue officielle ? Danois
100%
La conduite se fait à droite ou à gauche ? Droite
100%
Dans la capitale y-a-t-il un décalage horaire avec Paris ? (oui/non) Non
100%
Quelle autre langue est répandue ? A Anglais
90%
Achats à faire 3/ Jouets (marque) Légo Briques
87%
Quelle est la monnaie ? Couronne danoise C
84%
La vitesse sur autoroute est limitée à {130} km/h
81%
Le suffixe internet est dk
68%
Le taux d'alcoolémie toléré au volant est de {0.5} g/l
65%
Quelles sont les principales villes touristiques ? A Aarhus HAURAS
52%
Achats à faire 1/ Douceurs Bonbons SONBBON
35%
Quelles sont les principales villes touristiques ? A Aalborg BLAGORA
32%
Achats à faire 2/ Objets fragiles en... Porcelaine Kaolin
32%
Quelles sont les principales villes touristiques ? R Roskilde DKISOREL
23%
La religion majoritaire est Luthéranisme L
19%
Quelles sont les principales villes touristiques ? F Frédericia DECRIERAIF
6%
On peut y visiter les parcs nationaux de MB Mols Bjerge BJMRELOGES
3%
On peut y visiter les parcs nationaux de WS Wadden Sea ADWDANSEE
3%
On peut y visiter les parcs nationaux de S Skjoldungernes JKRDESENGLUONS
0%
Aucun quiz correspondant
Distribution des résultats
% des personnes avec chaque résultat
Percentile par nombre de réponses
Votre historique - résultats
Vous n’avez pas pris ce quiz